| Tag |
First Indicator |
Second Indicator |
Subfields |
| LEADER |
00000cam a22000001 4500 |
| 001 |
in00000053527 |
| 005 |
20151008050306.0 |
| 008 |
731212r19661929nyu b 00010beng |
| 010 |
|
|
|a 66025909
|
| 035 |
|
|
|a (OCoLC)00494674
|
| 035 |
|
|
|9 AAG0327AM
|
| 040 |
|
|
|a DLC
|c DLC
|d TXA
|d UtOrBLW
|
| 049 |
|
|
|a TXAM
|c [468241]
|
| 050 |
0 |
0 |
|a JC153
|b .E7 1966
|
| 082 |
0 |
|
|a 320.10924
|
| 092 |
|
|
|a 320.1
|b W7263e
|
| 100 |
1 |
|
|a Ernst, James Emanuel.
|
| 245 |
1 |
4 |
|a The political thought of Roger Williams /
|c by James E. Ernst.
|
| 264 |
|
1 |
|a Port Washington, N.Y. :
|b Kennikat Press,
|c [1966]
|
| 300 |
|
|
|a iii, 229 pages ;
|c 22 cm.
|
| 336 |
|
|
|a text
|b txt
|2 rdacontent
|
| 337 |
|
|
|a unmediated
|b n
|2 rdamedia
|
| 338 |
|
|
|a volume
|b nc
|2 rdacarrier
|
| 500 |
|
|
|a Reprint of the 1929 edition, which was first issued as thesis, University of Washington, 1926.
|
| 504 |
|
|
|a Bibliography: pages 211-229.
|
| 600 |
1 |
0 |
|a Williams, Roger,
|d 1604?-1683.
|
| 650 |
|
0 |
|a State, The.
|
| 999 |
|
|
|a MARS
|
| 999 |
f |
f |
|s 54872c6b-b349-3b68-85ef-5ba80eb234c2
|i 1bb90421-4f32-33da-acf4-b116a0d65eb6
|t 0
|
| 952 |
f |
f |
|p normal
|a Texas A&M University
|b College Station
|c Sterling C. Evans Library
|d Evans: Library Stacks
|t 0
|e JC153 .E7 1966
|h Library of Congress classification
|i unmediated -- volume
|m A14800657919
|
| 998 |
f |
f |
|a JC153 .E7 1966
|t 0
|l Evans: Library Stacks
|